|
|
|
|
| LEADER |
00000nas a2200000 a 4500 |
| 001 |
ssj0008099 |
| 003 |
WaSeSS |
| 005 |
20200512172242.0 |
| 006 |
m d |
| 007 |
cr n |
| 008 |
990907d19992010dcuqx pss i0 0eng c |
| 010 |
|
|
|a 2001227297
|
| 015 |
|
|
|a GBA870079
|2 bnb
|
| 016 |
7 |
|
|a 014625548
|2 Uk
|
| 022 |
|
|
|a 1564-5150
|l 1020-7635
|y 1020-7635
|
| 035 |
|
|
|a (WaSeSS)ssj0008099
|
| 040 |
|
|
|a UND
|b eng
|c UND
|d EYM
|d OCLCQ
|d NYDWH
|d EYM
|d HUL
|d CUS
|d DLC
|d BUF
|d OCLCQ
|d UKMGB
|d OCLCQ
|d OCLCO
|d OCLCQ
|d OCLCF
|d OCLCO
|d OCLCQ
|d DEFHM
|d OCLCO
|d OCLCA
|d AU@
|d OCLCO
|d VT2
|d WaSeSS
|
| 042 |
|
|
|a pcc
|
| 050 |
1 |
4 |
|a HG3810
|b .I5
|
| 130 |
0 |
|
|a IMF staff papers (Online)
|
| 245 |
1 |
0 |
|a IMF staff papers
|h [electronic resource] /
|c International Monetary Fund.
|
| 246 |
3 |
|
|a IMFstaffpapers
|
| 246 |
3 |
|
|a International Monetary Fund staff papers
|
| 246 |
3 |
0 |
|a Staff papers
|
| 260 |
|
|
|a Washington, D.C. :
|b International Monetary Fund,
|c ©1999-
|
| 310 |
|
|
|a Four issues per year,
|b 2000-
|
| 321 |
|
|
|a Three issues per year,
|b 1999
|
| 362 |
1 |
|
|a Began with: Vol. 46, no. 1 (Mar. 1999); ceased with vol. 57, no. 2 (June 2010).
|
| 500 |
|
|
|a Title from IMF home page (viewed July 17, 2001).
|
| 506 |
|
|
|a License restrictions may limit access.
|
| 515 |
|
|
|a Vol. 47, no. 3 mislabeled year 2001 but constitutes year 2000.
|
| 525 |
|
|
|a Vols. for 2001- accompanied by special issues; some contain papers from the IMF Annual Research Conference.
|
| 588 |
|
|
|a Latest issue consulted: Vol. 57, no. 2 (June 2010) (IMF, viewed Oct. 26, 2010).
|
| 650 |
|
0 |
|a Foreign exchange
|v Periodicals.
|
| 650 |
|
0 |
|a Commerce
|v Periodicals.
|
| 650 |
|
0 |
|a Currency question
|v Periodicals.
|
| 650 |
|
7 |
|a Commerce.
|2 fast
|0 (OCoLC)fst00869279
|
| 650 |
|
7 |
|a Currency question.
|2 fast
|0 (OCoLC)fst00885329
|
| 650 |
|
7 |
|a Foreign exchange.
|2 fast
|0 (OCoLC)fst00931768
|
| 650 |
1 |
7 |
|a MONETARY ANALYSIS.
|2 unbist
|
| 650 |
1 |
7 |
|a FOREIGN EXCHANGE.
|2 unbist
|
| 650 |
1 |
7 |
|a FINANCE.
|2 unbist
|
| 650 |
|
7 |
|a Volkswirtschaftslehre
|2 gnd
|
| 650 |
|
7 |
|a Zeitschrift
|2 gnd
|
| 650 |
|
7 |
|a Wirtschaftswissenschaften
|2 gnd
|
| 655 |
|
0 |
|a Electronic journals.
|
| 710 |
2 |
|
|a International Monetary Fund.
|
| 776 |
0 |
8 |
|i Print version, Mar. 1999-Mar. 2009:
|t IMF staff papers
|x 1020-7635
|w (DLC)sn 99041386
|w (OCoLC)41418786
|
| 780 |
0 |
0 |
|t Staff papers (International Monetary Fund : Online)
|w (DLC) 2007234138
|w (OCoLC)39035542
|
| 785 |
0 |
0 |
|t IMF economic review
|x 2041-417X
|w (DLC) 2010250753
|w (OCoLC)671751251
|
| 856 |
4 |
0 |
|z Full text available from Research Library: 03/01/1999 to 2010
|u https://search.proquest.com/publication/45478
|